Entrepreneurship and women empowerment / (Record no. 38630)

MARC details
000 -LEADER
fixed length control field 00863nam a22002297a 4500
005 - DATE AND TIME OF LATEST TRANSACTION
control field 20100802131753.0
010 ## - LCCN (DPL NO)
LC control number ENG-97617
020 ## - INTERNATIONAL STANDARD BOOK NUMBER
International Standard Book Number 9789380096728
Terms of availability 795.00
035 ## - SYSTEM CONTROL NUMBER
System control number EN-81150
037 ## - SOURCE OF ACQUISITION
Source of stock number/acquisition DBAD/PUB
082 ## - DEWEY DECIMAL CLASSIFICATION NUMBER
Classification number 305.42095422
245 ## - TITLE STATEMENT
Title Entrepreneurship and women empowerment /
Statement of responsibility, etc edited by Ramesh Bhandari
260 ## - PUBLICATION, DISTRIBUTION, ETC. (IMPRINT)
Place of publication, distribution, etc New Delhi
Name of publisher, distributor, etc Alfa Publications
Date of publication, distribution, etc 2010
270 ## - ADDRESS
Address 4398/5, Ansari Road, Daryaganj,
City New Delhi
300 ## - PHYSICAL DESCRIPTION
Extent vi, 272p.
Dimensions 22cm (Hb)
500 ## - GENERAL NOTE
General note Includes bibliographical references and index
650 ## - SUBJECT ADDED ENTRY--TOPICAL TERM
Topical term or geographic name as entry element Woman Empawerment
650 ## - SUBJECT ADDED ENTRY--TOPICAL TERM
Topical term or geographic name as entry element Woman And Entrepreneurship
700 ## - ADDED ENTRY--PERSONAL NAME
Personal name Bhandari, Ramesh
9 (RLIN) 4125
942 ## - ADDED ENTRY ELEMENTS (KOHA)
Source of classification or shelving scheme Dewey Decimal Classification
Item type English Books
Classification part 305.42095422
Call number suffix ENT
Holdings
Withdrawn status Lost status Not for loan Collection code Home library Current library Date acquired Source of acquisition Cost, normal purchase price Full call number Barcode Copy number Cost, replacement price Koha item type
    Not For Loan Non-fiction D.B.Act.Division D.B.Act.Division 02/08/2010 DBAD/PUB 795.00 305.42095422 ENT EN-81150 1 795.00 English Books

© Delhi Public Library
Hit Counter
free hit counter